| 000 | 00383nam a2200169 a 4500 | ||
|---|---|---|---|
| 008 | 190603s1994|||| d | ||
| 100 | 1 | _aErnstová Drorri-Edith | |
| 245 | 1 | 0 | _aOloupená o právo na život |
| 260 |
_aLovosice _bHelioprint _c1994 |
||
| 041 | _acze | ||
| 044 | _aCZ | ||
| 250 | _a2. vydanie | ||
| 020 | _c0 | ||
| 300 | _a232 s. | ||
| 958 | _aAZN | ||
| 958 | _aA | ||
| 999 |
_c20770 _d20770 |
||